| 000 | 00350 a2200121 4500 | ||
|---|---|---|---|
| 001 | ART_11573 | ||
| 005 | 20260410161858.0 | ||
| 008 | 260409a | ||
| 245 | 1 | 0 | _aFully progressive taxation |
| 100 | 1 | _aDasgupta, Partha | |
| 700 | 1 | _aHammond, Peter | |
| 773 | 0 |
_tJournal of public economics _g- Vol. 13, NÂș 2 (abr. 1980) _wREV11485 |
|
| 999 |
_c25647 _d25647 |
||